Описание фейерверка, при торжестве бракосочетания их имп. высочеств государя великаго князя Константина Павловича и государыни великия княгини Анны Феодоровны, (Запись № 9704830)

Подробности
000 -МАРКЕР
контрольное поле 02119nam0a22004451 4500
001 - ИДЕНТИФИКАТОР ЗАПИСИ
контрольное поле RU\NLR\A1\29233
005 - ИДЕНТИФИКАТОР ВЕРСИИ
контрольное поле 20251203152403.2
035 ## - ДРУГИЕ СИСТЕМНЫЕ НОМЕРА
Идентификатор записи (NLR Aleph) 009681770
100 ## - ДАННЫЕ ОБЩЕЙ ОБРАБОТКИ
Данные общей обработки 20010924d1796 u y0rusy50 ca
101 0# - ЯЗЫК РЕСУРСА
Язык текста, звукозаписи и т.д. русский
-- немецкий
102 ## - СТРАНА ПУБЛИКАЦИИ ИЛИ ПРОИЗВОДСТВА
Страна публикации российская федерация
200 1# - ЗАГЛАВИЕ И СВЕДЕНИЯ ОБ ОТВЕТСТВЕННОСТИ
Основное заглавие Описание фейерверка, при торжестве бракосочетания их имп. высочеств государя великаго князя Константина Павловича и государыни великия княгини Анны Феодоровны,
Сведения, относящиеся к заглавию Представленнаго в Санктпетербурге, на Неве реке, февраля дня 1796 года
210 ## - ПУБЛИКАЦИЯ, РАСПРОСТРАНЕНИЕ И ДР.
Место издания, распространения и т.д. [СПб.
Дата издания, распространения и т.д. 1796]
215 ## - ФИЗИЧЕСКАЯ ХАРАКТЕРИСТИКА
Специфическое обозначение материала и объем [3] с., 1 л. ил.
Размеры
303 ## - ОБЩИЕ ПРИМЕЧАНИЯ, ОТНОСЯЩИЕСЯ К ОПИСАТЕЛЬНОЙ ИНФОРМАЦИИ
Текст примечания Загл. и текст парал. на рус. и нем. яз.
314 ## - ПРИМЕЧАНИЯ, ОТНОСЯЩИЕСЯ К СВЕДЕНИЯМ ОБ ИНТЕЛЛЕКТУАЛЬНОЙ ОТВЕТСТВЕННОСТИ
Текст примечания Под грав. подписи: Inventé par le lieut: gen: de Melissino, executé par le capitain du noble Corps des cadets d'artillerie C. de Maccaveyef. - Dessiné par l'architecte du Corps Dimerzof. - Gravé par J.C.Mayr
321 1# - ПРИМЕЧАНИЯ ОБ ОТДЕЛЬНО ИЗДАННЫХ УКАЗАТЕЛЯХ / РЕФЕРАТАХ / ССЫЛКАХ, ОТРАЖАЮЩИХ КАТАЛОГИЗИРУЕМЫЙ ДОКУМЕНТ
Примечания об указателях, рефератах, ссылках СК XVIII 4145
600 #0 - ИМЯ ЛИЦА КАК ПРЕДМЕТ
Начальный элемент ввода Константин Павлович
Дополнения к именам, кроме дат вел. кн.
Даты 1779-1831
600 #0 - ИМЯ ЛИЦА КАК ПРЕДМЕТ
Начальный элемент ввода Анна Федоровна
Дополнения к именам, кроме дат вел. кн.
Даты 1781-1860
620 ## - МЕСТО И ДАТА ПУБЛИКАЦИИ, ИСПОЛНЕНИЯ И Т. Д.
Город Санкт-Петербург
700 #1 - ИМЯ ЛИЦА - ПЕРВИЧНАЯ ОТВЕТСТВЕННОСТЬ
Связь между полями z02790
Начальный элемент ввода Мелиссино
Часть имени, кроме начального элемента ввода П.И.
Даты 1730-1797
Расширение инициалов личного имени Петр Иванович
Код отношения Автор
702 #1 - ИМЯ ЛИЦА - ВТОРИЧНАЯ ОТВЕТСТВЕННОСТЬ
Начальный элемент ввода Маковеев
Часть имени, кроме начального элемента ввода К.О.
Расширение инициалов личного имени Кондратий Осипович
Код отношения Гравер, Наборщик нот
702 #1 - ИМЯ ЛИЦА - ВТОРИЧНАЯ ОТВЕТСТВЕННОСТЬ
Связь между полями z03790
Начальный элемент ввода Демерцов
Часть имени, кроме начального элемента ввода Ф.И.
Даты 1753-1823
Расширение инициалов личного имени Федор Иванович
Код отношения Гравер, Наборщик нот
702 #1 - ИМЯ ЛИЦА - ВТОРИЧНАЯ ОТВЕТСТВЕННОСТЬ
Связь между полями z01702
Начальный элемент ввода Майр
Часть имени, кроме начального элемента ввода И.К. фон
Даты 1764-1812
Расширение инициалов личного имени Иоганн Кристоф фон
Код отношения Гравер, Наборщик нот
702 #1 - ИМЯ ЛИЦА - ВТОРИЧНАЯ ОТВЕТСТВЕННОСТЬ
Связь между полями z01702
Начальный элемент ввода Mayr
Часть имени, кроме начального элемента ввода J.C. von
Расширение инициалов личного имени Johann Christoph von
Код отношения Гравер, Наборщик нот
790 #1 - ИМЯ ЛИЦА - АЛЬТЕРНАТИВНАЯ ФОРМА
Связь между полями z02700
Начальный элемент ввода Melissino
790 #1 - ИМЯ ЛИЦА - АЛЬТЕРНАТИВНАЯ ФОРМА
Связь между полями z03790
Начальный элемент ввода Dimerzof
801 #0 - ИСТОЧНИК ЗАПИСИ
Страна российская федерация
Организация NLR
Дата составления 20010924
830 ## - ОБЩЕЕ ПРИМЕЧАНИЕ, СОСТАВЛЕННОЕ КАТАЛОГИЗАТОРОМ
Текст примечания Вопрос РГБ
899 ## - ДАННЫЕ О МЕСТОНАХОЖДЕНИИ (устаревшее)
Местонахождение РГБ
899 ## - ДАННЫЕ О МЕСТОНАХОЖДЕНИИ (устаревшее)
Местонахождение ГТГ
899 ## - ДАННЫЕ О МЕСТОНАХОЖДЕНИИ (устаревшее)
Местонахождение МГУ
899 ## - ДАННЫЕ О МЕСТОНАХОЖДЕНИИ (устаревшее)
Местонахождение РГБ
899 ## - ДАННЫЕ О МЕСТОНАХОЖДЕНИИ (устаревшее)
Местонахождение ГТГ
899 ## - ДАННЫЕ О МЕСТОНАХОЖДЕНИИ (устаревшее)
Местонахождение МГУ
942 ## - ДОПОЛНИТЕЛЬНЫЕ ЭЛЕМЕНТЫ ЗАПИСИ (АБИС)
Тип экземпляра АБИС Книга
980 ## - КОЛЛЕКЦИЯ
Название коллекции Национальная библиография
980 ## - КОЛЛЕКЦИЯ
Название коллекции Русская книга гражданской печати XVIII в. в библиотеках РФ

Нет доступных экземпляров.